[Event "31. DSenEM2019-Gruppe-50"]
[Site "Radebeul"]
[Date "2019.04.29"]
[Round "4.1"]
[White "Belke, Frank, Dr."]
[Black "Nekrasov, Mihail"]
[Result "1/2-1/2"]
[BlackElo "2277"]
[BlackTeam "SV Hockenheim"]
[WhiteElo "2283"]
[WhiteTeam "Schachclub Hietzing (Wien)"]

1. d4 Nf6 2. c4 e6 3. Nc3 Bb4 4. Nf3 d5 5. Qb3 c5 6. dxc5 Nc6 7. Bg5 Qa5 8. Bxf6
dxc4 9. Qxc4 gxf6 10. Rc1 Qxc5 11. e3 Qxc4 12. Bxc4 Bd7 13. a3 Bxc3+ 14. Rxc3
Ne5 15. Nxe5 fxe5 16. Be2 Bc6 17. Bf3 e4 18. Be2 Ke7 19. Kd2 Rhd8+ 20. Kc2 Rac8
21. b3 Bd5 22. Rd1 Rg8 23. Rxc8 Rxc8+ 24. Kb2 Rg8 25. g3 Rc8 26. Rd2 h6 27. Rc2
Rxc2+ 28. Kxc2 Kd6 29. b4 b6 30. Ba6 Bc6 31. Bc4 Bd5 32. Be2 f6 33. Kc3 Bc6 34.
Bd1 Bd5 35. Bc2 e5 36. Bd1 Kc6 37. Be2 Kd6 38. Bg4 Kc6 39. Bf5 Kd6 40. Bg6 Kc6
41. Be8+ Kd6 42. Ba4 Be6 43. Bb5 Bd5 44. Ba6 Kc6 45. Kd2 Be6 46. Be2 Bd5 
1/2-1/2

[Event "31. DSenEM2019-Gruppe-50"]
[Site "Radebeul"]
[Date "2019.04.29"]
[Round "4.2"]
[White "Schmidt, Gerhard, Dr."]
[Black "Metz, Hartmut"]
[Result "0-1"]
[BlackElo "2251"]
[BlackTeam "SG Kuppenheim"]
[WhiteElo "2077"]
[WhiteTeam "SV Kreuztal"]

1. Nf3 d5 2. d4 Nf6 3. c4 c6 4. Nc3 a6 5. c5 Nbd7 6. Bf4 Nh5 7. Bd2 Qc7 8. e4
dxe4 9. Nxe4 Ndf6 10. Bc4 Nxe4 11. Bxf7+ Kxf7 12. Ne5+ Kg8 13. Qxh5 Be6 14. Be3
Qa5+ 15. Ke2 Qb5+ 16. Nd3 Qc4 17. Rhc1 Qd5 18. Ne5 Nf6 19. Qh4 Qe4 20. Qg3 Nd5
21. Kf1 Nxe3+ 22. fxe3 g6 23. Nf3 Bh6 24. Rc3 Kg7 25. Ke2 Rhf8 26. h3 Bd5 27.
Rf1 Bc4+ 28. Rxc4 Qxe3+ 29. Kd1 Rxf3  0-1

[Event "31. DSenEM2019-Gruppe-50"]
[Site "Radebeul"]
[Date "2019.04.29"]
[Round "4.3"]
[White "Held, Peter"]
[Black "Valet, Richard"]
[Result "1-0"]
[BlackElo "2051"]
[BlackTeam "Greifswalder SV"]
[WhiteElo "2179"]
[WhiteTeam "SC Kreuzberg"]

1. e4 c5 2. Nf3 Nc6 3. c3 d5 4. exd5 Qxd5 5. d4 cxd4 6. cxd4 e5 7. Nc3 Bb4 8.
Be2 exd4 9. O-O Qd8 10. Nb5 Nge7 11. Nfxd4 Nxd4 12. Qxd4 Qxd4 13. Nxd4 Bd7 14.
Bf4 Rc8 15. Rac1 O-O 16. Bf3 Nc6 17. Nxc6 Bxc6 18. Bxc6 Rxc6 19. Rxc6 bxc6 20.
Rc1 Rc8 21. Be3 a6 22. Kf1 Kf8 23. Ke2 Ke7 24. Bc5+ Bxc5 25. Rxc5 Kd6 26. Ra5
Rb8 27. b3 Rb6 28. Kd3 c5 29. Ra4 Kd5 30. Rf4 Rd6 31. Kc3 f6 32. Ra4 Re6 33.
Kd3 Rd6 34. Re4 Rd7 35. Re8 Kc6+ 36. Kc3 Kb6 37. Re6+  1-0

[Event "31. DSenEM2019-Gruppe-50"]
[Site "Radebeul"]
[Date "2019.04.29"]
[Round "4.4"]
[White "Köhler, Gerhard, Dr."]
[Black "Stahr, Ralf-Peter"]
[Result "1-0"]
[BlackElo "2160"]
[BlackTeam "Hohenleipischer SV Lok"]
[WhiteElo "2153"]
[WhiteTeam "USV Halle"]

1. c4 e5 2. g3 Nf6 3. Bg2 c6 4. d4 d6 5. Nc3 Be7 6. e4 O-O 7. Nge2 Na6 8. O-O
Qc7 9. h3 exd4 10. Nxd4 Nc5 11. b4 Ne6 12. Nf5 Rd8 13. Be3 Bf8 14. Rc1 g6 15.
Nh6+ Kh8 16. Qf3 Bg7 17. Nd5 cxd5 18. cxd5 Qe7 19. dxe6 Bxe6 20. Bg5 Rac8 21.
Ng4 Bxg4 22. hxg4 h6 23. Be3 b6 24. g5 hxg5 25. Bxg5 Qe6 26. Qf4 Re8 27. Qh4+
Nh7 28. Bh3 Rxc1 29. Bxe6 Rxf1+ 30. Kxf1 Rxe6 31. Be3 Bf6 32. Qg4 Bc3 33. Qd1
Nf6 34. Bd4 Bxd4 35. Qxd4 Kg8 36. f3 g5 37. g4 Kg7 38. Kf2 Kg6 39. Qd3 Kg7 40.
Qd2 Kg6 41. Qc2 Kg7 42. Qc7 a5 43. bxa5 bxa5 44. Qxa5 d5 45. exd5 Rd6 46. Qc3
Kh6 47. Qe5 Ra6 48. Kg3 Kg6 49. d6 Rxa2 50. Qf5+  1-0

[Event "31. DSenEM2019-Gruppe-50"]
[Site "Radebeul"]
[Date "2019.04.29"]
[Round "4.5"]
[White "Löw, Gerald"]
[Black "Terhorst, Jochen"]
[Result "1-0"]
[BlackElo "2165"]
[BlackTeam "SC Wittlich"]
[WhiteElo "2157"]
[WhiteTeam "TSV Bindlach Aktionär"]

1. c4 e6 2. g3 d5 3. Bg2 dxc4 4. Qa4+ c6 5. Qxc4 b5 6. Qc2 Bb7 7. a4 a6 8. Nc3
b4 9. Ne4 Nd7 10. d4 Ngf6 11. Nxf6+ Qxf6 12. Nf3 c5 13. Bg5 Qg6 14. Qd2 h6 15.
Ne5 Qxg5 16. Bxb7 Qxd2+ 17. Kxd2 Nxe5 18. Bxa8 cxd4 19. b3 Bd6 20. f4 Nd7 21.
Bc6 Ke7 22. Bxd7 Kxd7 23. Rac1 f6 24. Kd3 e5 25. fxe5 fxe5 26. Ke4 h5 27. Kd5
h4 28. Rhf1 hxg3 29. hxg3 Ke7 30. Rc6 Rd8 31. Rxa6 Bb8+ 32. Ke4 d3 33. exd3
Rd4+ 34. Ke3 Rg4 35. Rf3 Bd6 36. Rc6 Ke6 37. Rc4 Rg6 38. g4 Kd5 39. Rf7 Bc5+
40. Kf3 Kd6 41. Rf8 Kd5 42. Rd8+ Bd6 43. Rxb4 Rf6+ 44. Ke2 Kc6 45. Rc4+ Kd5 46.
b4  1-0

[Event "31. DSenEM2019-Gruppe-50"]
[Site "Radebeul"]
[Date "2019.04.29"]
[Round "4.6"]
[White "Krien, Hartmut"]
[Black "Müller, Michael"]
[Result "0-1"]
[BlackElo "2163"]
[BlackTeam "SC Viernheim"]
[WhiteElo "1853"]
[WhiteTeam "SK Heidenau"]

1. e4 d5 2. exd5 Qxd5 3. Nc3 Qa5 4. d4 c6 5. Nf3 Bf5 6. Bd3 e6 7. O-O Nf6 8.
Bxf5 Qxf5 9. Ne2 Bd6 10. Ng3 Qa5 11. Qe1 Qc7 12. Nf5 O-O 13. Nxd6 Qxd6 14. Qe5
Qb4 15. c3 Qb6 16. Bh6 Nbd7 17. Qg3 Ne8 18. Ne5 Nxe5 19. dxe5 Kh8 20. Be3 Qc7
21. Bc5 Rg8 22. Rad1 Rd8 23. f4 Rd5 24. Ba3 b5 25. Rxd5 cxd5 26. Qe3 g6 27. Qc5
Kg7 28. Qxc7 Nxc7 29. Bd6 Rc8 30. Bxc7 Rxc7 31. Rd1 f6 32. exf6+ Kxf6 33. Rd4
g5 34. fxg5+ Kxg5 35. Kf2 Kf5 36. Rb4 a6 37. a4 Rc4 38. b3 Rxb4 39. cxb4 Kf4
40. Ke2 e5 41. Kd2 e4 42. Ke2 d4 43. Kf2 e3+ 44. Ke2 Ke4   0-1

[Event "31. DSenEM2019-Gruppe-50"]
[Site "Radebeul"]
[Date "2019.04.29"]
[Round "4.7"]
[White "Redzepovic, Irfan"]
[Black "Schulze, Andreas"]
[Result "0-1"]
[WhiteElo "2075"]
[BlackElo "2135"]
[PlyCount "84"]
[EventDate "2019.??.??"]
[WhiteTeam "SW NÃ¼rnberg SÃ¼d"]
[BlackTeam "TG Biberach"]

1. d4 f5 2. e4 fxe4 3. Nc3 Nf6 4. Bg5 Nc6 5. d5 Ne5 6. Qe2 Nf7 7. Bh4 Nd6 8. f3
e3 9. O-O-O g6 10. g4 Bg7 11. Qxe3 O-O 12. Bg5 Re8 13. h4 Nf7 14. Bc4 d6 15.
Nh3 a6 16. Nf4 b5 17. Bb3 Ne5 18. Nfe2 a5 19. a4 Bd7 20. axb5 a4 21. Ba2 a3 22.
b4 Rf8 23. Rdg1 Qe8 24. Nd4 Qf7 25. Nc6 h6 26. Nxe5 dxe5 27. Bxh6 e4 28. Bxg7
Qxg7 29. h5 g5 30. h6 Qg6 31. h7+ Kh8 32. fxe4 Nxg4 33. Qd2 Qg7 34. Rh5 Rf6 35.
Rd1 Ne5 36. Qd4 Bg4 37. Rhh1 Bxd1 38. Kxd1 Raf8 39. d6 exd6 40. b6 Rf1+ 41.
Rxf1 Rxf1+ 42. Ke2 Re1+ 0-1

[Event "31. DSenEM2019-Gruppe-50"]
[Site "Radebeul"]
[Date "2019.04.29"]
[Round "4.8"]
[White "Schatz, Christian"]
[Black "Spiess, Thomas"]
[Result "1-0"]
[WhiteElo "2150"]
[BlackElo "1965"]
[PlyCount "109"]
[EventDate "2019.??.??"]
[WhiteTeam "SV WÃ¼rzburg"]
[BlackTeam "SK Ricklingen"]

1. c4 c6 2. Nf3 d5 3. g3 Nf6 4. Bg2 dxc4 5. Na3 b5 6. O-O a6 7. b3 cxb3 8. axb3
Bb7 9. Qc2 e6 10. d4 Nbd7 11. Bb2 Be7 12. Rfd1 Qb6 13. Rac1 O-O 14. Ng5 h6 15.
Ne4 Nxe4 16. Qxe4 Rfc8 17. Nc2 Rab8 18. Ne3 Nf6 19. Qc2 c5 20. d5 exd5 21. Bxd5
Nxd5 22. Nxd5 Bxd5 23. Rxd5 c4 24. Qf5 Rc5 25. bxc4 bxc4 26. Bd4 Rxd5 27. Qxd5
Qb5 28. Qe4 Bf8 29. Be3 Rc8 30. Qg4 Rc6 31. Qd7 Rd6 32. Qc8 Rc6 33. Qd7 Rd6 34.
Qc8 Qc6 35. Qb8 c3 36. Qb3 c2 37. Qxc2 Qxc2 38. Rxc2 Rd1+ 39. Kg2 Bb4 40. Rc8+
Kh7 41. Rc7 Kg6 42. Ra7 a5 43. Bb6 Ra1 44. Bd4 Ra2 45. Ra6+ f6 46. e4 Rd2 47.
Be3 Rd6 48. Ra7 h5 49. h3 Rc6 50. Kf3 Re6 51. Ra8 Kf7 52. Rb8 Ra6 53. Rb7+ Kg6
54. g4 hxg4+ 55. Kxg4 1-0

[Event "31. DSenEM2019-Gruppe-50"]
[Site "Radebeul"]
[Date "2019.04.29"]
[Round "4.9"]
[White "Proschmann, Tino"]
[Black "Kaiser, Sebastian"]
[Result "1-0"]
[WhiteElo "2116"]
[BlackElo "1920"]
[PlyCount "45"]
[EventDate "2019.??.??"]
[WhiteTeam "SC GroÃŸrÃ¶hrsdorf"]
[BlackTeam "SC GroÃŸrÃ¶hrsdorf"]

1. e4 e6 2. d4 d5 3. Nd2 c5 4. Ngf3 cxd4 5. exd5 Qxd5 6. Bc4 Qd6 7. O-O Nf6 8.
Nb3 Nc6 9. Nbxd4 Nxd4 10. Nxd4 a6 11. c3 Qc7 12. Bb3 Bd6 13. h3 Bf4 14. Ba4+
Ke7 15. Re1 Bxc1 16. Qxc1 g6 17. Qh6 Qa5 18. Bb3 Qh5 19. Qg7 Rg8 20. Nxe6 Rxg7
21. Nxg7+ Kf8 22. Nxh5 gxh5 23. Rad1 1-0

[Event "31. DSenEM2019-Gruppe-50"]
[Site "Radebeul"]
[Date "2019.04.29"]
[Round "4.10"]
[White "Lauckner, JÃ¶rg"]
[Black "Dehn, Marcus"]
[Result "1/2-1/2"]
[WhiteElo "1975"]
[BlackElo "2110"]
[PlyCount "76"]
[EventDate "2019.??.??"]
[WhiteTeam "SG Leipzig"]
[BlackTeam "SV KS Braunschweig"]

1. d4 Nf6 2. c4 e6 3. Nc3 Bb4 4. Qc2 b6 5. e3 Bb7 6. Nge2 O-O 7. a3 Be7 8. f3
d5 9. cxd5 exd5 10. Ng3 Re8 11. Bd3 c5 12. Nf5 Bf8 13. dxc5 bxc5 14. O-O Nbd7
15. e4 c4 16. Be2 Bc5+ 17. Kh1 d4 18. b4 d3 19. Bxd3 cxd3 20. Qxd3 Bf8 21. Rd1
Qb8 22. Bg5 a5 23. b5 Nc5 24. Qe3 Nfd7 25. Bf4 Ne5 26. Nd5 Ncd7 27. Nde7+ Bxe7
28. Rxd7 Bf8 29. Rad1 Qc8 30. Bxe5 Rxe5 31. Qb6 Rb8 32. Rc7 Qe6 33. Qa7 Re8 34.
Rxb7 Bc5 35. Qa6 Qxf5 36. Qxa5 Qf4 37. Qc7 h6 38. a4 Qf6 1/2-1/2

[Event "31. DSenEM2019-Gruppe-50"]
[Site "Radebeul"]
[Date "2019.04.29"]
[Round "4.11"]
[White "Wenner, Tobias"]
[Black "Bigott, Martin"]
[Result "1-0"]
[WhiteElo "2108"]
[BlackElo "1782"]
[PlyCount "49"]
[EventDate "2019.??.??"]
[WhiteTeam "Sges Bensheim"]
[BlackTeam "SF Lohmar"]

1. Nf3 c5 2. c4 g6 3. Nc3 Bg7 4. d4 cxd4 5. Nxd4 Nc6 6. e3 d6 7. Be2 a6 8. O-O
Nf6 9. b3 O-O 10. Bb2 Nxd4 11. Qxd4 Bd7 12. Qd2 Qc8 13. Rac1 Bg4 14. f3 Bd7 15.
e4 Qc5+ 16. Kh1 Rfd8 17. Nd5 Nxd5 18. cxd5 Qb6 19. Bxg7 Kxg7 20. h4 h5 21. f4
Rac8 22. Bf3 Rxc1 23. Rxc1 Rc8 24. Rxc8 Bxc8 25. Qc3+ 1-0

[Event "31. DSenEM2019-Gruppe-50"]
[Site "Radebeul"]
[Date "2019.04.29"]
[Round "4.12"]
[White "Wagner, Bernd"]
[Black "Wunder, Stefan"]
[Result "1/2-1/2"]
[WhiteElo "1948"]
[BlackElo "2032"]
[PlyCount "23"]
[EventDate "2019.??.??"]
[WhiteTeam "Aufbau Bernburg"]
[BlackTeam "FC Nordhalben"]

1. d4 g6 2. Nf3 Bg7 3. Bf4 d6 4. e3 Nd7 5. Nbd2 e6 6. c3 Ne7 7. Bd3 h6 8. h4 a6
9. Qc2 b6 10. O-O-O Bb7 11. e4 Qb8 12. Nc4 1/2-1/2

[Event "31. DSenEM2019-Gruppe-50"]
[Site "Radebeul"]
[Date "2019.04.29"]
[Round "4.13"]
[White "Pichler, Manfred"]
[Black "Kebbedies, Frank"]
[Result "0-1"]
[WhiteElo "2017"]
[BlackElo "1740"]
[PlyCount "80"]
[EventDate "2019.??.??"]
[WhiteTeam "USV Halle"]
[BlackTeam "Rastede"]

1. e4 e5 2. Nf3 Nf6 3. Nxe5 d6 4. Nf3 Nxe4 5. Nc3 Nxc3 6. bxc3 Be7 7. d4 O-O 8.
Be2 Nc6 9. O-O Bf6 10. c4 b6 11. c3 Ba6 12. Nd2 Na5 13. Ba3 c5 14. Bb2 Re8 15.
Re1 Qd7 16. Qc2 g6 17. Rad1 cxd4 18. cxd4 d5 19. Kf1 Qc7 20. Qa4 Qxh2 21. Nf3
Qh1+ 22. Ng1 Rxe2 23. Kxe2 Qxg2 24. Kd2 Nxc4+ 25. Kc1 Nxb2 26. Kxb2 Qxf2+ 27.
Ka1 Bc4 28. Re5 Bxe5 29. dxe5 Qe3 30. Kb2 Qxe5+ 31. Kb1 Qf5+ 32. Kb2 b5 33. Qa3
Qe5+ 34. Kb1 Re8 35. Qb4 a5 36. Qxa5 b4 37. Qc5 Rb8 38. Qa7 b3 39. a3 Qf5+ 40.
Ka1 b2# 0-1

[Event "31. DSenEM2019-Gruppe-50"]
[Site "Radebeul"]
[Date "2019.04.29"]
[Round "4.14"]
[White "Siggelkow, Axel"]
[Black "Noldt, Torsten"]
[Result "1-0"]
[WhiteElo "1933"]
[BlackElo "2013"]
[PlyCount "103"]
[EventDate "2019.??.??"]
[WhiteTeam "BSV Chemie Radebeul"]
[BlackTeam "Elmshorner SC"]

1. d4 c5 2. d5 Nf6 3. c4 b5 4. cxb5 a6 5. Nc3 axb5 6. e4 d6 7. Bxb5+ Bd7 8. Qe2
Bxb5 9. Nxb5 g6 10. Nf3 Nbd7 11. O-O Bg7 12. a4 O-O 13. Bd2 Qb8 14. Bc3 Rc8 15.
Rfd1 Ne8 16. Bxg7 Kxg7 17. Nd2 Nc7 18. Nxc7 Rxc7 19. Nc4 Rca7 20. a5 Qb5 21.
Qd3 Rb8 22. f4 Qa6 23. Ra3 Rb4 24. Rc3 Qb5 25. e5 Ra6 26. Re1 Nf8 27. h3 Qb7
28. exd6 exd6 29. f5 Rxc4 30. Qxc4 Rxa5 31. Rb3 Qa7 32. Kh2 Ra4 33. Qc3+ Rd4
34. Ra3 Qb7 35. Re8 Qxd5 36. f6+ Kxf6 37. Rxf8 Kg7 38. Raa8 Kh6 39. Qe3+ g5 40.
Qf3 Qe5+ 41. Qg3 Rf4 42. b3 Qd4 43. Ra4 Qe5 44. Rxf4 gxf4 45. Qf3 Kg7 46. Rd8
Kf6 47. h4 Ke7 48. Rc8 h5 49. Rc7+ Kf8 50. Ra7 d5 51. Ra2 d4 52. Rf2 1-0

[Event "31. DSenEM2019-Gruppe-50"]
[Site "Radebeul"]
[Date "2019.04.29"]
[Round "4.15"]
[White "Steiger, Michael"]
[Black "Reitmaier, Adolf"]
[Result "1-0"]
[WhiteElo "1982"]
[BlackElo "1476"]
[PlyCount "53"]
[EventDate "2019.??.??"]
[WhiteTeam "SC Kreuzberg"]
[BlackTeam "vereinslos"]

1. Nf3 Nf6 2. c4 e6 3. g3 Be7 4. Bg2 d5 5. d4 O-O 6. O-O c6 7. Qc2 Nbd7 8. Rd1
Re8 9. Bf4 Nh5 10. Bc1 g6 11. e4 dxe4 12. Qxe4 Ndf6 13. Qc2 a5 14. Nc3 Rb8 15.
Ne5 Nd7 16. b3 Qc7 17. Bb2 Nxe5 18. dxe5 Qxe5 19. Nd5 Qg5 20. h4 Qxh4 21. gxh4
exd5 22. cxd5 cxd5 23. Bxd5 Bf5 24. Qd2 b6 25. Re1 Bb4 26. Rxe8+ Rxe8 27. Qd4
1-0

[Event "31. DSenEM2019-Gruppe-50"]
[Site "Radebeul"]
[Date "2019.04.29"]
[Round "4.16"]
[White "Eilmes, Franco"]
[Black "Kierzek, Mira"]
[Result "0-1"]
[WhiteElo "1778"]
[BlackElo "1978"]
[PlyCount "82"]
[EventDate "2019.??.??"]
[WhiteTeam "SV Traktor Priestewitz"]
[BlackTeam "SC Fulda"]

1. e4 c5 2. d3 Nc6 3. Nd2 Nf6 4. Ngf3 d6 5. g3 g6 6. Bg2 Bg7 7. O-O O-O 8. a4
Rb8 9. Re1 Qc7 10. c3 a6 11. Nf1 b5 12. axb5 axb5 13. Bf4 b4 14. Qd2 Na5 15.
Qc2 Nc6 16. Qd2 Bb7 17. Bh6 Ra8 18. Bxg7 Kxg7 19. Ne3 e6 20. Nc2 bxc3 21. Qxc3
Qd7 22. Ra3 e5 23. Rea1 Rxa3 24. Rxa3 Ra8 25. Rxa8 Bxa8 26. Nd2 Bb7 27. Nc4 Ne7
28. b4 cxb4 29. Qxb4 Ne8 30. N2e3 Ba6 31. Qb6 Bb7 32. Na5 Bc6 33. Nec4 Bb5 34.
Nb7 Nc8 35. Qd8 Qxb7 36. Bh3 Ne7 37. Nxd6 Nxd6 38. Qxd6 Nc6 39. f4 exf4 40.
gxf4 Qb6+ 41. Kh1 Qd4 0-1

[Event "31. DSenEM2019-Gruppe-50"]
[Site "Radebeul"]
[Date "2019.04.29"]
[Round "4.17"]
[White "Pirrot, Dieter"]
[Black "Steinert, Frank"]
[Result "1-0"]
[WhiteElo "2334"]
[BlackElo "1960"]
[PlyCount "41"]
[EventDate "2019.??.??"]
[WhiteTeam "SV Hofheim"]
[BlackTeam "SV Dresden-Leuben"]

1. e4 e6 2. d4 d5 3. exd5 exd5 4. Nf3 Bd6 5. c4 dxc4 6. Bxc4 Qe7+ 7. Be3 Nf6 8.
O-O O-O 9. Bg5 Bg4 10. Nc3 Nbd7 11. h3 Bh5 12. g4 Bg6 13. Re1 Qd8 14. Ne5 c5
15. Nxd7 Qxd7 16. Bxf6 gxf6 17. dxc5 Rac8 18. Bb5 Bh2+ 19. Kxh2 Qc7+ 20. Qd6
Qa5 21. a3 1-0

[Event "31. DSenEM2019-Gruppe-50"]
[Site "Radebeul"]
[Date "2019.04.29"]
[Round "4.18"]
[White "Schober, Ralf"]
[Black "Seils, Ralf"]
[Result "1-0"]
[WhiteElo "2070"]
[BlackElo "1954"]
[PlyCount "141"]
[EventDate "2019.??.??"]
[WhiteTeam "SV Sundern"]
[BlackTeam "SF Nordost Berlin"]

1. e4 c5 2. Nc3 Nc6 3. Bb5 Nd4 4. Bc4 e6 5. Nge2 Nf6 6. O-O d6 7. d3 Be7 8. Be3
Nc6 9. Bb3 O-O 10. Ng3 d5 11. Nce2 b5 12. c3 c4 13. Bc2 dxe4 14. dxc4 bxc4 15.
Nxe4 Nd5 16. Bc1 e5 17. Nd2 Nb6 18. Ng3 f5 19. Qe2 Be6 20. Re1 e4 21. Ndxe4 Bd5
22. Nd2 g6 23. Nf3 Bf6 24. Bh6 Rf7 25. Rad1 Re7 26. Qd2 Rd7 27. Qc1 Bxf3 28.
gxf3 Ne5 29. Kg2 Rc8 30. Be3 Nd5 31. f4 Nc6 32. Ne2 Qf8 33. Ba4 Qf7 34. Rd2
Rdc7 35. Red1 Nce7 36. Bd4 Qe6 37. Bxf6 Nxf6 38. Rd8+ Kg7 39. Qe3 Qe4+ 40. Qxe4
Nxe4 41. Rxc8 Nxc8 42. Bc2 Nf6 43. Nd4 Kf7 44. Nf3 Nb6 45. Rd4 Nfd5 46. Bd1 Ke6
47. Nd2 Ne7 48. Be2 Nc6 49. Bxc4+ Ke7 50. Rd3 Na4 51. b3 Nb2 52. Re3+ Kd7 53.
Bb5 Kd6 54. Nc4+ Nxc4 55. Bxc4 Ne7 56. Kg3 Kc5 57. Rd3 Nc8 58. Be6 Nd6 59. b4+
Kc6 60. c4 Ne4+ 61. Kg2 Nf6 62. a3 Re7 63. Bd5+ Kb6 64. Bf3 Kc7 65. Re3 Rd7 66.
Re6 Ng8 67. c5 Ne7 68. c6 Nd5 69. Bxd5 Rxd5 70. Re7+ Kxc6 71. Rxa7 1-0

[Event "31. DSenEM2019-Gruppe-50"]
[Site "Radebeul"]
[Date "2019.04.29"]
[Round "4.19"]
[White "Becker, Michael"]
[Black "Noack, Mario"]
[Result "1-0"]
[WhiteElo "2272"]
[BlackElo "1944"]
[PlyCount "67"]
[EventDate "2019.??.??"]
[WhiteTeam "USV Halle"]
[BlackTeam "SC GroÃŸrÃ¶hrsdorf"]

1. e4 c5 2. Nf3 d6 3. d4 cxd4 4. Nxd4 Nf6 5. Nc3 a6 6. g3 e5 7. Nf3 Be7 8. Bg2
h6 9. O-O Be6 10. Nh4 g6 11. h3 Nbd7 12. Be3 Rc8 13. Qd2 h5 14. f4 exf4 15.
gxf4 Ng4 16. hxg4 Bxh4 17. f5 Bc4 18. fxg6 fxg6 19. Qxd6 Nf6 20. Rfd1 Qxd6 21.
Rxd6 Nxg4 22. Bd4 Rf8 23. Rxg6 Rd8 24. Nd5 Bg3 25. b3 Be2 26. c4 Rd7 27. e5
Rdf7 28. e6 Bf2+ 29. Bxf2 Rxf2 30. e7 Rxg2+ 31. Kxg2 Rf2+ 32. Kg3 Rf3+ 33. Kh4
Nf6 34. Rxf6 1-0

[Event "31. DSenEM2019-Gruppe-50"]
[Site "Radebeul"]
[Date "2019.04.29"]
[Round "4.20"]
[White "Bohnstorff, Michael"]
[Black "Sand, Rosemarie"]
[Result "1/2-1/2"]
[WhiteElo "2044"]
[BlackElo "1819"]
[PlyCount "94"]
[EventDate "2019.??.??"]
[WhiteTeam "SC LÃ¼neburg"]
[BlackTeam "SF Pfullingen"]

1. d4 Nf6 2. Nf3 g6 3. c3 Bg7 4. Bf4 O-O 5. Nbd2 d6 6. h3 c5 7. e3 Nbd7 8. Be2
b6 9. O-O Bb7 10. Bh2 Qc7 11. Rc1 Rac8 12. Qa4 Bc6 13. Bb5 Bxb5 14. Qxb5 Qb7
15. a4 a6 16. Qb3 Qc6 17. c4 Rb8 18. Qa3 Rfc8 19. b4 a5 20. b5 Qb7 21. d5 Nf8
22. e4 N6d7 23. Qe3 Re8 24. Rcd1 Rbd8 25. Rfe1 Qc8 26. Bf4 f6 27. Bh6 Ne5 28.
Bxg7 Kxg7 29. Nh2 Nfd7 30. f4 Nf7 31. Ndf3 e5 32. dxe6 Rxe6 33. Qc3 Rde8 34.
Qc2 Qb7 35. Rd5 f5 36. e5 dxe5 37. fxe5 Kg8 38. Qc3 Qc7 39. Red1 R8e7 40. Nf1
Ndxe5 41. N1d2 Nxf3+ 42. Nxf3 Qf4 43. Rd7 Qe3+ 44. Qxe3 Rxe3 45. Rxe7 Rxe7 46.
Rd5 Kg7 47. Kf2 Kf6 1/2-1/2

[Event "31. DSenEM2019-Gruppe-50"]
[Site "Radebeul"]
[Date "2019.04.29"]
[Round "4.21"]
[White "Lehr, Thomas"]
[Black "SchÃ¶ttker, Jochen"]
[Result "1/2-1/2"]
[WhiteElo "1902"]
[BlackElo "1896"]
[PlyCount "47"]
[EventDate "2019.??.??"]
[WhiteTeam "Husumer SV"]
[BlackTeam "SC Northeim"]

1. e4 e6 2. d4 d5 3. Nd2 Nf6 4. e5 Nfd7 5. Bd3 c5 6. c3 b6 7. Ne2 Ba6 8. Bxa6
Nxa6 9. O-O Be7 10. f4 f5 11. exf6 Bxf6 12. f5 Nc7 13. fxe6 Nxe6 14. Nf3 O-O
15. Nf4 Nxf4 16. Bxf4 Re8 17. Qd2 cxd4 18. cxd4 b5 19. Rac1 Rc8 20. Rxc8 Qxc8
21. Rc1 Qa6 22. Rc7 Nf8 23. a3 Ne6 24. Rc1 1/2-1/2

[Event "31. DSenEM2019-Gruppe-50"]
[Site "Radebeul"]
[Date "2019.04.29"]
[Round "4.22"]
[White "Gerks, Joachim"]
[Black "John, Bernd"]
[Result "1/2-1/2"]
[WhiteElo "1777"]
[BlackElo "1796"]
[PlyCount "35"]
[EventDate "2019.??.??"]
[WhiteTeam "SK Norderstedt"]
[BlackTeam "SC Sonthofen"]

1. e4 e5 2. Bc4 Nf6 3. Qf3 Nc6 4. Ne2 Na5 5. d3 Nxc4 6. dxc4 Bc5 7. O-O d5 8.
h3 Be6 9. b3 h6 10. Nbc3 c6 11. Ng3 Bd4 12. Bd2 Qd7 13. Rad1 O-O-O 14. Nce2 Nh7
15. Nxd4 exd4 16. c3 Ng5 17. Qd3 dxc3 18. Bxc3 1/2-1/2

[Event "31. DSenEM2019-Gruppe-50"]
[Site "Radebeul"]
[Date "2019.04.29"]
[Round "4.23"]
[White "MÃ¼ller, Rudolf"]
[Black "Wulff, Jens-Peter"]
[Result "1-0"]
[WhiteElo "2071"]
[BlackElo "1809"]
[PlyCount "51"]
[EventDate "2019.??.??"]
[WhiteTeam "Karlsruher SF"]
[BlackTeam "SV GrevesmÃ¼hlen"]

1. e4 c6 2. d4 Na6 3. c3 Nc7 4. Bd3 g6 5. h4 f6 6. h5 g5 7. f4 Bh6 8. fxg5 fxg5
9. Nh3 e5 10. dxe5 Ne6 11. Bc4 Nc5 12. O-O Qe7 13. Qd4 b6 14. Rf7 Qxf7 15.
Bxf7+ Kf8 16. Bxg5 Bg7 17. Bxg8 Kxg8 18. h6 Bf8 19. Bf6 Ne6 20. Qd1 Bxh6 21.
Qg4+ Ng7 22. Nf4 Kf7 23. Bxg7 Bxg7 24. Qf5+ Ke7 25. Nh5 Rg8 26. Nxg7 1-0